000 00603nam a2200181Ia 4500
003 GCL
008 140319s9999 xx 000 0 ara d
040 _aGCL /
_cGCL
082 0 4 _a361.6
_bح ع
100 1 _aحامد عمار
245 1 0 _aالعمل الميدانى فى الريف /
_cحامد عمار
260 _a[S.N] :
_bالمركز الدولى للتربية الاساسية فى العالم
300 _a125 ص
490 _aمن مناهج الاصلاح الاجتماعى
_v0
650 0 4 _aالحياة الريفية
650 0 4 _aالعمل الميدانى
942 _2ddc
_cBK
999 _c51066
_d51066